[Event "VIE-ch U13 Girls"]
[Site "Ho Chi Minh City"]
[Date "2014.07.17"]
[Round "7"]
[White "Le, Ho Hoang My"]
[Black "Tran, Ngoc Han"]
[Result "0-1"]
[WhiteElo "1836"]
[BlackElo "1841"]
[PlyCount "66"]
[EventDate "2014.07.13"]
[EventType "swiss"]
[EventRounds "9"]
[EventCountry "VIE"]
[SourceTitle "EXT 2016"]
[Source "ChessBase"]
[SourceDate "2015.10.08"]
[SourceVersion "1"]
[SourceVersionDate "2015.10.08"]
[SourceQuality "1"]

1. e4 e5 2. Nf3 Nc6 3. Bb5 d6 4. d3 Bg4 5. c3 Nf6 6. 0-0 Be7 7. Nbd2 0-0 8. Re1 a6 9. Ba4 h6 10. Nf1 Nh5 11. Bc2 Qd7 12. b3 f5 13. exf5 Rxf5 14. d4 Rf7 15. Qd3 Qf5 16. Qxf5 Bxf5 17. Ne3 Bxc2 18. Nxc2 exd4 19. cxd4 Raf8 20. Re3 Nf4 21. Bd2 Nd5 22. Re4 Rf5 23. Rg4 Nf6 24. Rg6 Kh7 25. Rg3 Ne4 26. Nh4 Bxh4 27. Rd3 Rxf2 28. Re1 Nxd2 29. g3 Nf3+ 30. Kxf2 Nxe1+ 31. Kxe1 Bf6 32. Rf3 Re8+ 33. Kf2 Bxd4+ 0-1

[Event "VIE-ch U13 Girls"]
[Site "Ho Chi Minh City"]
[Date "2014.07.15"]
[Round "5"]
[White "Le, Ho Hoang My"]
[Black "Nguyen Do Tuong, Vy"]
[Result "0-1"]
[WhiteElo "1836"]
[BlackElo "1821"]
[PlyCount "110"]
[EventDate "2014.07.13"]
[EventType "swiss"]
[EventRounds "9"]
[EventCountry "VIE"]
[SourceTitle "EXT 2016"]
[Source "ChessBase"]
[SourceDate "2015.10.08"]
[SourceVersion "1"]
[SourceVersionDate "2015.10.08"]
[SourceQuality "1"]

1. e4 e5 2. Nf3 Nc6 3. Bb5 Nge7 4. 0-0 a6 5. Ba4 d6 6. d3 g6 7. c3 Bg7 8. Re1 0-0 9. Nbd2 Be6 10. Bc2 Qd7 11. Nf1 Rad8 12. b3 d5 13. Bb2 d4 14. Ng3 h6 15. cxd4 Nxd4 16. Rc1 Bg4 17. Bxd4 exd4 18. h3 Be6 19. e5 Nc6 20. Ra1 Bd5 21. b4 Bxf3 22. Qxf3 Bxe5 23. Ne4 Qf5 24. Bd1 Qxf3 25. Bxf3 Nxb4 26. Nc5 Bd6 27. Nxb7 Nxd3 28. Red1 c5 29. Nxd8 Nxf2 30. Kxf2 Rxd8 31. Ke2 Be5 32. Rac1 Rc8 33. Bb7 Rc7 34. Bxa6 f5 35. Bc4+ Kg7 36. a4 Re7 37. Kf3 g5 38. a5 h5 39. g4 Bf4 40. Ra1 Re3+ 41. Kg2 fxg4 42. Be6 gxh3+ 43. Kh1 Rxe6 44. a6 Re8 45. a7 Ra8 46. Rdb1 c4 47. Rb4 c3 48. Rxd4 c2 49. Rd7+ Kf6 50. Kg1 c1Q+ 51. Rxc1 Bxc1 52. Kh2 g4 53. Rc7 Bf4+ 54. Kh1 Bxc7 55. Kg1 Rxa7 0-1

[Event "VIE-ch U13 Girls"]
[Site "Ho Chi Minh City"]
[Date "2014.07.13"]
[Round "1"]
[White "Nguyen, Xuan Nhi"]
[Black "Le, Ho Hoang My"]
[Result "1-0"]
[WhiteElo "1638"]
[BlackElo "1836"]
[PlyCount "47"]
[EventDate "2014.07.13"]
[EventType "swiss"]
[EventRounds "9"]
[EventCountry "VIE"]
[SourceTitle "EXT 2016"]
[Source "ChessBase"]
[SourceDate "2015.10.08"]
[SourceVersion "1"]
[SourceVersionDate "2015.10.08"]
[SourceQuality "1"]

1. d4 d5 2. c4 Nf6 3. Nf3 Nc6 4. Bf4 g6 5. e3 Bg7 6. Nc3 0-0 7. Nb5 Bf5 8. Bd3 e6 9. Bxf5 exf5 10. Nxc7 Rc8 11. cxd5 Rxc7 12. Bxc7 Qxc7 13. dxc6 Qxc6 14. 0-0 Rc8 15. Rc1 Qd7 16. Rxc8+ Qxc8 17. Qc1 Qd8 18. Qc4 Ne4 19. Rc1 Nd6 20. Qc7 Bf6 21. Qxd8+ Bxd8 22. Ne5 Ne4 23. Rc8 Kg7 24. Rxd8 1-0